Who will get hit? (Record no. 69998)
[ view plain ]
| 000 -LEADER | |
|---|---|
| fixed length control field | 01377cam a2200253 4500 |
| 001 - CONTROL NUMBER | |
| control field | ABS65397 |
| 008 - FIXED-LENGTH DATA ELEMENTS--GENERAL INFORMATION | |
| fixed length control field | 020417n2002 000 0 eng u |
| 035 ## - SYSTEM CONTROL NUMBER | |
| System control number | (Sirsi) u117539 |
| 100 ## - MAIN ENTRY--PERSONAL NAME | |
| Personal name | Norwood, G |
| 245 ## - TITLE STATEMENT | |
| Title | Who will get hit? |
| 260 ## - PUBLICATION, DISTRIBUTION, ETC. | |
| Date of publication, distribution, etc. | 2002 |
| 490 ## - SERIES STATEMENT | |
| Series statement | Estates Gazette |
| Volume/sequential designation | (0214) 6 April 2002, 110-111(2) |
| 520 ## - SUMMARY, ETC. | |
| Summary, etc. | Review of the strongest residential and commercial property websites according to research by international internet monitoring firm Hitwise and finance marketing company Lunesdale. Hitwise has started to produce regular reports into the 'audience share' of residential property websites, ranking Vebra.com as number one in its top 20 list according to number of visits. Lunesdale investigated the accuracy and reliability of property selling on the internet and found that many property portals contain inaccurate and out-of-date information. The website Find-A-Property performed well in the Lunesdale survey. Article concludes with discussion of commercial property websites which tend to be of higher quality. Table. Graph. |
| 590 ## - LOCAL NOTE (RLIN) | |
| Local note | ABS |
| 650 ## - SUBJECT ADDED ENTRY--TOPICAL TERM | |
| Topical term or geographic name entry element | WEBSITES |
| 650 ## - SUBJECT ADDED ENTRY--TOPICAL TERM | |
| Topical term or geographic name entry element | RESIDENTIAL PROPERTY |
| 9 (RLIN) | 6266 |
| 650 ## - SUBJECT ADDED ENTRY--TOPICAL TERM | |
| Topical term or geographic name entry element | PROPERTY-COMMERCIAL PROPERTY |
| 650 ## - SUBJECT ADDED ENTRY--TOPICAL TERM | |
| Topical term or geographic name entry element | PROPERTY INFORMATION |
| 650 ## - SUBJECT ADDED ENTRY--TOPICAL TERM | |
| Topical term or geographic name entry element | INTERNET PORTALS |
| 650 ## - SUBJECT ADDED ENTRY--TOPICAL TERM | |
| Topical term or geographic name entry element | HITWISE |
| 650 ## - SUBJECT ADDED ENTRY--TOPICAL TERM | |
| Topical term or geographic name entry element | LUNESDALE |
| 690 ## - LOCAL SUBJECT ADDED ENTRY--TOPICAL TERM (OCLC, RLIN) | |
| Topical term or geographic name as entry element | INFORMATION TECHNOLOGY-INTERNET |
| 942 ## - ADDED ENTRY ELEMENTS (KOHA) | |
| Suppress in OPAC | 0 |
| Withdrawn status | Lost status | Source of classification or shelving scheme | Damaged status | Not for loan | Home library | Current library | Shelving location | Date acquired | Total Checkouts | Full call number | Barcode | Date last seen | Copy number | Price effective from | Koha item type |
|---|---|---|---|---|---|---|---|---|---|---|---|---|---|---|---|
| Dewey Decimal Classification | London | London | Journal article | 17/04/2002 | ABS65397 | 117539-1001 | 06/08/2019 | 1 | 06/08/2019 | Journal article |